Estatísticas para Países que adotam a pena de morte para o tráfico de drogas

Clique aqui para jogar o quiz

Estatísticas Gerais

  • Esse quiz foi jogado 216 vezes
  • A pontuação média é 22 de 31

Estatísticas das Respostas

PAÍS% Correto
CHINA
93%
INDONÉSIA
90%
IRÃ
87%
ARÁBIA SAUDITA
85%
IRAQUE
85%
COREIA DO NORTE
84%
ÍNDIA
84%
TAILÂNDIA
83%
PAQUISTÃO
81%
MALÁSIA
80%
VIETNÃ
80%
LAOS
78%
SÍRIA
77%
OMÃ
76%
EGITO
75%
COREIA DO SUL
74%
IÊMEN
71%
SINGAPURA
69%
EMIRADOS ÁRABES
68%
BANGLADESH
64%
BRUNEI
64%
LÍBIA
64%
SRI LANKA
64%
SUDÃO
62%
BAHREIN
61%
TAIWAN
61%
ESTADOS UNIDOS
58%
KUWAIT
54%
CUBA
49%
QATAR
26%
MIANMAR
21%

Distribuição das Pontuações

Percentil de Números Respondidos

Porcentagem de Pessoas com Cada Pontuação

Sua Pontuação Histórica

Você não jogou esse quiz